World Capitals Quiz- Correct Spelling - Statistics

General Stats
  • This quiz has been taken 11 times
  • The average score is 70 of 201
Answer Stats
Asia Capital % Correct
Africa | Europe | North America | +2 others Capital
100%
China Beijing
71%
Australia Canberra
71%
Bangladesh Dhaka
71%
Afghanistan Kabul
71%
United States of America Washington D.C.
71%
United Arab Emirates Abu Dhabi
57%
Netherlands Amsterdam
57%
Turkey Ankara
57%
Greece Athens
57%
Iraq Baghdad
57%
Azerbaijan Baku
57%
Thailand Bangkok
57%
Germany Berlin
57%
Switzerland Bern
57%
Brazil Brasilia
57%
Belgium Brussels
57%
Argentina Buenos Aires
57%
Egypt Cairo
57%
Denmark Copenhagen
57%
Syria Damascus
57%
India Delhi
57%
Ireland Dublin
57%
Vietnam Hanoi
57%
Finland Helsinki
57%
Pakistan Islamabad
57%
Indonesia Jakarta
57%
Israel Jerusalem
57%
Ukraine Kiev
57%
Malaysia Kuala Lumpur
57%
Peru Lima
57%
Portugal Lisbon
57%
United Kingdom London
57%
Spain Madrid
57%
Philippines Manila
57%
Mexico Mexico City
57%
Monaco Monaco
57%
Russia Moscow
57%
Norway Oslo
57%
Canada Ottawa
57%
France Paris
57%
Czech Republic Prague
57%
North Korea Pyongyang
57%
Iceland Reykjavik
57%
Saudi Arabia Riyadh
57%
Italy Rome
57%
Chile Santiago
57%
South Korea Seoul
57%
Singapore Singapore
57%
Sweden Stockholm
57%
Japan Tokyo
57%
Libya Tripoli
57%
Vatican CIty Vatican City
57%
Austria Vienna
57%
New Zealand Wellington
57%
Ghana Accra
43%
Algeria Algiers
43%
Andorra Andorra La Vella
43%
Serbia Belgrade
43%
Guinea-Bissau Bissau
43%
South Africa Bloemfontein, Cape Town, Pretoria
43%
Colombia Bogota
43%
Slovakia Bratislava
43%
Barbados Bridgetown
43%
Romania Bucharest
43%
Hungary Budapest
43%
Venezuela Caracas
43%
Djibouti Djibouti
43%
Guatemala Guatemala City
43%
Cuba Havana
43%
Nepal Kathmandu
43%
Jamaica Kingston
43%
Kuwait Kuwait City
43%
Luxembourg Luxembourg
43%
Belarus Minsk
43%
Kenya Nairobi
43%
Panama Panama City
43%
Ecuador Quito
43%
Latvia Riga
43%
Yemen Sana'a
43%
San Marino San Marino
43%
El Salvador San Salvador
43%
Bosnia and Herzegovina Sarajevo
43%
Macedonia Skopje
43%
Bulgaria Sofia
43%
Taiwan Taipei
43%
Estonia Tallinn
43%
Iran Tehran
43%
Albania Tirana
43%
Tunisia Tunis
43%
Mongolia Ulaan Bataar
43%
Malta Valletta
43%
Lithuania Vilnius
43%
Poland Warsaw
43%
Armenia Yerevan
43%
Nigeria Abuja
29%
Ethiopia Addis Ababa
29%
Turkmenistan Ashgabat
29%
Paraguay Asuncion
29%
Lebanon Beirut
29%
Moldova Chisinau
29%
Senegal Dakar
29%
East Timor Dili
29%
Qatar Doha
29%
Sierra Leone Freetown
29%
Guyana Georgetown
29%
Zimbabwe Harare
29%
Saint Vincent and the Grenadines Kingstown
29%
Bolivia La Paz
29%
Malawi Lilongwe
29%
Slovenia Ljubljana
29%
Nicaragua Managua
29%
Bahrain Manama
29%
Uruguay Montevideo
29%
Cyprus Nicosia
29%
Suriname Paramaribo
29%
Cambodia Phnom Penh
29%
Montenegro Podgorica
29%
Morocco Rabat
29%
Dominican Republic Santo Domingo
29%
Sao Tome and Principe Sao Tome
29%
Georgia Tbilisi
29%
Bhutan Thimphu
29%
Liechtenstein Vaduz
29%
Seychelles Victoria
29%
Croatia Zagreb
29%
Jordan Amman
14%
Madagascar Antananarivo
14%
Samoa Apia
14%
Kazakhstan Astana
14%
Central African Republic Bangui
14%
Gambia Banjul
14%
Saint Kitts and Nevis Basseterre
14%
Belize Belmopan
14%
Kyrgyzstan Bishkek
14%
Republic of the Congo Brazzaville
14%
Saint Lucia Castries
14%
Guinea Conakry
14%
Tanzania Dodoma
14%
Tajikistan Dushanbe
14%
Tuvalu Funafuti
14%
Botswana Gaborone
14%
Solomon Islands Honiara
14%
South Sudan Juba
14%
Uganda Kampala
14%
Sudan Khartoum
14%
Rwanda Kigali
14%
Democratic Republic of the Congo Kinshasa
14%
Gabon Libreville
14%
Togo Lome
14%
Angola Luanda
14%
Zambia Lusaka
14%
Maldives Male
14%
Mozambique Maputo
14%
Swaziland Mbabane
14%
Somalia Mogadishu
14%
Oman Muscat
14%
Bahamas Nassau
14%
Niger Niamey
14%
Burkina Faso Ouagadougou
14%
Federated States of Micronesia Palikir
14%
Haiti Port-au-Prince
14%
Mauritius Port Louis
14%
Trinidad and Tobago Port of Spain
14%
Benin Porto Novo
14%
Vanuatu Port Vila
14%
Cape Verde Praia
14%
Dominica Roseau
14%
Grenada Saint George's
14%
Antigua and Barbuda Saint John's
14%
Costa Rica San Jose
14%
Kiribati South Tarawa
14%
Fiji Suva
14%
Uzbekistan Tashkent
14%
Laos Vientiane
14%
Namibia Windhoek
14%
Cameroon Yaounde
14%
Nauru Yaren District
14%
Eritrea Asmara
0%
Mali Bamako
0%
Brunei Bandar Seri Begawan
0%
Burundi Bujumbura
0%
Marshall Islands Majuro
0%
Equatorial Guinea Malabo
0%
Lesotho Maseru
0%
Liberia Monrovia
0%
Comoros Moroni
0%
Myanmar Naypyidaw
0%
Chad N'Djamena
0%
Palau Ngerulmud
0%
Mauritania Nouakchott
0%
Tonga Nuku'Alofa
0%
Papua New Guinea Port Moresby
0%
Kosovo Prishtina
0%
Sri Lanka Sri Jayawardenepura Kotte
0%
Honduras Tegucigalpa
0%
Cote d'Ivoire Yamoussoukro
0%
No matching quizzes found
Score Distribution
Percent of People with Each Score
Percentile by Number Answered
Your Score History
You have not taken this quiz